<?xml version="1.0" encoding="UTF-8"?>
<record
    xmlns:xsi="http://www.w3.org/2001/XMLSchema-instance"
    xsi:schemaLocation="http://www.loc.gov/MARC21/slim http://www.loc.gov/standards/marcxml/schema/MARC21slim.xsd"
    xmlns="http://www.loc.gov/MARC21/slim">

  <leader>00298nam a22001457a 4500</leader>
  <controlfield tag="003">SGT</controlfield>
  <datafield tag="020" ind1=" " ind2=" ">
    <subfield code="a">9780198082873</subfield>
  </datafield>
  <datafield tag="082" ind1=" " ind2=" ">
    <subfield code="a">005.7,WIC</subfield>
  </datafield>
  <datafield tag="100" ind1=" " ind2=" ">
    <subfield code="a">WICKHAM HODLEY </subfield>
  </datafield>
  <datafield tag="245" ind1=" " ind2=" ">
    <subfield code="a">R FOR DATA SCIENCE</subfield>
  </datafield>
  <datafield tag="250" ind1=" " ind2=" ">
    <subfield code="a">2ND</subfield>
  </datafield>
  <datafield tag="260" ind1=" " ind2=" ">
    <subfield code="a">TOKYO, OREILLY</subfield>
    <subfield code="c">2023</subfield>
  </datafield>
  <datafield tag="300" ind1=" " ind2=" ">
    <subfield code="a">550</subfield>
  </datafield>
  <datafield tag="942" ind1=" " ind2=" ">
    <subfield code="2">ddc</subfield>
    <subfield code="c">BK</subfield>
    <subfield code="0">2</subfield>
  </datafield>
  <datafield tag="952" ind1=" " ind2=" ">
    <subfield code="0">0</subfield>
    <subfield code="1">0</subfield>
    <subfield code="2">ddc</subfield>
    <subfield code="4">0</subfield>
    <subfield code="5">1</subfield>
    <subfield code="7">1</subfield>
    <subfield code="8">ENGG</subfield>
    <subfield code="a">FE</subfield>
    <subfield code="b">FE</subfield>
    <subfield code="c">REF</subfield>
    <subfield code="d">2024-12-16</subfield>
    <subfield code="e">SAVERA BOOK DISTRIBUTORS</subfield>
    <subfield code="g">2100.00</subfield>
    <subfield code="i">SGTU</subfield>
    <subfield code="o">005.7,WIC</subfield>
    <subfield code="p">FE9190</subfield>
    <subfield code="r">2024-12-16 00:00:00</subfield>
    <subfield code="w">2024-11-09</subfield>
    <subfield code="y">BK</subfield>
    <subfield code="k">CBR/600</subfield>
  </datafield>
  <datafield tag="952" ind1=" " ind2=" ">
    <subfield code="0">0</subfield>
    <subfield code="1">0</subfield>
    <subfield code="2">ddc</subfield>
    <subfield code="4">0</subfield>
    <subfield code="7">0</subfield>
    <subfield code="8">ENGG</subfield>
    <subfield code="a">FE</subfield>
    <subfield code="b">FE</subfield>
    <subfield code="c">TXT</subfield>
    <subfield code="d">2024-12-16</subfield>
    <subfield code="e">SAVERA BOOK DISTRIBUTORS</subfield>
    <subfield code="g">2100.00</subfield>
    <subfield code="i">SGTU</subfield>
    <subfield code="l">0</subfield>
    <subfield code="o">005.7,WIC</subfield>
    <subfield code="p">FE9191</subfield>
    <subfield code="r">2024-12-16 00:00:00</subfield>
    <subfield code="w">2024-11-09</subfield>
    <subfield code="y">BK</subfield>
    <subfield code="k">CBR/600</subfield>
  </datafield>
  <datafield tag="952" ind1=" " ind2=" ">
    <subfield code="0">0</subfield>
    <subfield code="1">0</subfield>
    <subfield code="2">ddc</subfield>
    <subfield code="4">0</subfield>
    <subfield code="7">0</subfield>
    <subfield code="8">ENGG</subfield>
    <subfield code="a">FE</subfield>
    <subfield code="b">FE</subfield>
    <subfield code="c">TXT</subfield>
    <subfield code="d">2024-12-16</subfield>
    <subfield code="e">SAVERA BOOK DISTRIBUTORS</subfield>
    <subfield code="g">2100.00</subfield>
    <subfield code="i">SGTU</subfield>
    <subfield code="l">0</subfield>
    <subfield code="o">005.7,WIC</subfield>
    <subfield code="p">FE9192</subfield>
    <subfield code="r">2024-12-16 00:00:00</subfield>
    <subfield code="w">2024-11-09</subfield>
    <subfield code="y">BK</subfield>
    <subfield code="k">CBR/600</subfield>
  </datafield>
  <datafield tag="952" ind1=" " ind2=" ">
    <subfield code="0">0</subfield>
    <subfield code="1">0</subfield>
    <subfield code="2">ddc</subfield>
    <subfield code="4">0</subfield>
    <subfield code="7">0</subfield>
    <subfield code="8">ENGG</subfield>
    <subfield code="a">FE</subfield>
    <subfield code="b">FE</subfield>
    <subfield code="c">TXT</subfield>
    <subfield code="d">2024-12-16</subfield>
    <subfield code="e">SAVERA BOOK DISTRIBUTORS</subfield>
    <subfield code="g">2100.00</subfield>
    <subfield code="i">SGTU</subfield>
    <subfield code="l">1</subfield>
    <subfield code="o">005.7,WIC</subfield>
    <subfield code="p">FE9193</subfield>
    <subfield code="r">2025-08-06 00:00:00</subfield>
    <subfield code="s">2025-08-04</subfield>
    <subfield code="w">2024-11-09</subfield>
    <subfield code="y">BK</subfield>
    <subfield code="k">CBR/600</subfield>
  </datafield>
  <datafield tag="952" ind1=" " ind2=" ">
    <subfield code="0">0</subfield>
    <subfield code="1">0</subfield>
    <subfield code="2">ddc</subfield>
    <subfield code="4">0</subfield>
    <subfield code="7">0</subfield>
    <subfield code="8">ENGG</subfield>
    <subfield code="a">FE</subfield>
    <subfield code="b">FE</subfield>
    <subfield code="c">TXT</subfield>
    <subfield code="d">2024-12-16</subfield>
    <subfield code="e">SAVERA BOOK DISTRIBUTORS</subfield>
    <subfield code="g">2100.00</subfield>
    <subfield code="i">SGTU</subfield>
    <subfield code="l">1</subfield>
    <subfield code="o">005.7,WIC</subfield>
    <subfield code="p">FE9194</subfield>
    <subfield code="r">2025-02-04 00:00:00</subfield>
    <subfield code="s">2025-02-04</subfield>
    <subfield code="w">2024-11-09</subfield>
    <subfield code="y">BK</subfield>
    <subfield code="k">CBR/600</subfield>
  </datafield>
  <datafield tag="952" ind1=" " ind2=" ">
    <subfield code="0">0</subfield>
    <subfield code="1">0</subfield>
    <subfield code="2">ddc</subfield>
    <subfield code="4">0</subfield>
    <subfield code="7">0</subfield>
    <subfield code="8">ENGG</subfield>
    <subfield code="a">FE</subfield>
    <subfield code="b">FE</subfield>
    <subfield code="c">TXT</subfield>
    <subfield code="d">2024-12-16</subfield>
    <subfield code="e">SAVERA BOOK DISTRIBUTORS</subfield>
    <subfield code="g">2100.00</subfield>
    <subfield code="i">SGTU</subfield>
    <subfield code="l">1</subfield>
    <subfield code="o">005.7,WIC</subfield>
    <subfield code="p">FE9195</subfield>
    <subfield code="r">2026-04-06 00:00:00</subfield>
    <subfield code="s">2026-03-24</subfield>
    <subfield code="w">2024-11-09</subfield>
    <subfield code="y">BK</subfield>
    <subfield code="k">CBR/600</subfield>
  </datafield>
  <datafield tag="952" ind1=" " ind2=" ">
    <subfield code="0">0</subfield>
    <subfield code="1">0</subfield>
    <subfield code="2">ddc</subfield>
    <subfield code="4">0</subfield>
    <subfield code="7">0</subfield>
    <subfield code="8">ENGG</subfield>
    <subfield code="a">FE</subfield>
    <subfield code="b">FE</subfield>
    <subfield code="c">TXT</subfield>
    <subfield code="d">2024-12-16</subfield>
    <subfield code="e">SAVERA BOOK DISTRIBUTORS</subfield>
    <subfield code="g">2100.00</subfield>
    <subfield code="i">SGTU</subfield>
    <subfield code="l">3</subfield>
    <subfield code="o">005.7,WIC</subfield>
    <subfield code="p">FE9196</subfield>
    <subfield code="q">2026-06-10</subfield>
    <subfield code="r">2026-05-27 10:56:46</subfield>
    <subfield code="s">2026-05-27</subfield>
    <subfield code="w">2024-11-09</subfield>
    <subfield code="y">BK</subfield>
    <subfield code="k">CBR/600</subfield>
  </datafield>
  <datafield tag="952" ind1=" " ind2=" ">
    <subfield code="0">0</subfield>
    <subfield code="1">0</subfield>
    <subfield code="2">ddc</subfield>
    <subfield code="4">0</subfield>
    <subfield code="7">0</subfield>
    <subfield code="8">ENGG</subfield>
    <subfield code="a">FE</subfield>
    <subfield code="b">FE</subfield>
    <subfield code="c">TXT</subfield>
    <subfield code="d">2024-12-16</subfield>
    <subfield code="e">SAVERA BOOK DISTRIBUTORS</subfield>
    <subfield code="g">2100.00</subfield>
    <subfield code="i">SGTU</subfield>
    <subfield code="l">0</subfield>
    <subfield code="o">005.7,WIC</subfield>
    <subfield code="p">FE9197</subfield>
    <subfield code="r">2024-12-16 00:00:00</subfield>
    <subfield code="w">2024-11-09</subfield>
    <subfield code="y">BK</subfield>
    <subfield code="k">CBR/600</subfield>
  </datafield>
  <datafield tag="999" ind1=" " ind2=" ">
    <subfield code="c">28161</subfield>
    <subfield code="d">28161</subfield>
  </datafield>
</record>
